Chapman Library

History of Israel-old Testament introduction 1 (Record no. 4395)

000 -LEADER
fixed length control field 00456nam a22001457a 4500
020 ## - INTERNATIONAL STANDARD BOOK NUMBER
ISBN N/A
050 ## - LIBRARY OF CONGRESS CALL NUMBER
Classification number BS 1192.5 hin
100 ## - MAIN ENTRY--AUTHOR NAME
Personal name HINSON, David F.
245 ## - TITLE STATEMENT
Title History of Israel-old Testament introduction 1
250 ## - EDITION STATEMENT
Edition statement Revised ed.
260 ## - PUBLICATION, DISTRIBUTION, ETC. (IMPRINT)
Place of publication London
Name of publisher Society for Promoting Christian Knowledge
Year of publication 1973
300 ## - PHYSICAL DESCRIPTION
Number of Pages xvi, 237p.;illus., includes bibliographical references and indexes
490 ## - SERIES STATEMENT
Series statement SPCK International study Guide 7
942 ## - ADDED ENTRY ELEMENTS (KOHA)
Koha item type Books
Holdings
Koha item type Collection code Shelving location Accession Number Permanent Location Current Location Date acquired Full call number
BooksLendingLending6653Chapman LibraryChapman Library2018-02-05BS 1192.5 hin
BooksLendingLending6654Chapman LibraryChapman Library2018-02-05BS 1192.5 hin


CSUC Chapman Library is a Koha Automated Library.


Contact us: library@csuc.edu.gh.